Rokovanie o unionizme

Bibliographic Details
Format: Article
Language:Slovak
Subjects:

MARC

LEADER 00000nab a2200000 a 4500
001 vtls000398245
003 SK-MaSNL
005 20260304022931.0
008 111202c1990 xo 0 slo
015 |a SNBRB19rr/mm-uuuuu 
035 |a CL0398369 
040 |a SNKBUCL  |b slo  |c SNKBUCL  |e AACR2 
041 0 |a slo 
044 |a xo  |c SK 
080 |a 261.8  |2 1981 
245 0 0 |a Rokovanie o unionizme 
650 0 7 |a unionizmus (náboženstvo)  |2 snkbucl  |9 76008 
650 0 7 |a cirkvi európske  |2 snkbucl  |9 1004718 
655 7 |a články z novín a časopisov  |2 snkbucl  |9 267496 
773 0 |t Odkaz sv. Cyrila a Metoda  |g Roč. 36, č. 10 (1990), s. 316-318 
850 |a Slovenská národná knižnica v Martine  |a MTA001 
852 |a SNK  |b KIS3GCP 
958 |a RK 
992 |a RBX 
999 |c 2613621  |d 2615551